White Ace Postage Stamp Identifier, The (Record no. 508)

000 -LEADER
fixed length control field 00389nam a22001457a 4500
003 - CONTROL NUMBER IDENTIFIER
control field OSt
008 - FIXED-LENGTH DATA ELEMENTS--GENERAL INFORMATION
fixed length control field 140411b xxu||||| |||| 00| 0 eng d
041 ## - LANGUAGE CODE
Language code of text/sound track or separate title eng
100 1# - MAIN ENTRY--PERSONAL NAME
Personal name Winick, Lester E.
245 10 - TITLE STATEMENT
Title White Ace Postage Stamp Identifier, The
260 ## - PUBLICATION, DISTRIBUTION, ETC. (IMPRINT)
Place of publication, distribution, etc. Florham Park, N.J.
Name of publisher, distributor, etc. Washington Press
300 ## - PHYSICAL DESCRIPTION
Extent 78 pages
650 #0 - SUBJECT ADDED ENTRY--TOPICAL TERM
Topical term or geographic name as entry element Postage stamps--Identification.
650 #0 - SUBJECT ADDED ENTRY--TOPICAL TERM
Topical term or geographic name as entry element Stamp collecting

No items available.

Powered by Koha